000 00957nam a2200277 i 4500
999 _c22676
_d22676
001 C00601649
003 OSt
005 20230109114537.0
007 ta
008 211012s2020 pe a gr 000 p und
020 _a9786124842276
040 _cBMC
041 _aspa
082 _a940.21/M18F
100 _aMoreno Jeria, Rodrigo
_948849
245 _aFlorencia y el renacimiento :
_bepicentro de la creatividad /
_cRodrigo Moreno Jeria
250 _aPrimera edición.
264 3 1 _aLima :
_bErnst & Young Asesores,
_c2021.
300 _a200 páginas :
_bil. col., facsíms., mapas, retrs. ;
_c23 cm.
650 _aHistoria universal
_91423
650 _aRenacimiento
_948857
651 _aAmérica
_xDescubrimiento y exploración.
_948855
710 _aErnst & Young Asesores (Lima)
_948856
856 _uhttps://assets.ey.com/content/dam/ey-sites/ey-com/es_pe/topics/growth/ey-florencia-y-el-renacimiento.pdf
_zLeer en digital
942 _2ddc
_cLIBROS